000 01313cam a22003857a 4500
001 000072534
003 CHAP
005 20220329141532.0
008 971013s1987 r 00010 d
010 _a69769
011 _a70741
035 _a80294
040 _cCHAP
090 _aTesis
100 0 0 _aJara García, Francisco Javier.
_961102
245 1 4 _aLos suelos de ando y sus principales repercusiones en el desarrollo de la meseta Púrhepecha del estado de Michoacán.
260 _aChapingo, Méx. :
_bEl autor,
_c1987.
300 _a88 p. :
_b: ilus.
502 _aTesis (Ing. Agrónomo esp. en suelos) -- UACH. Departamento de suelos
590 _aALEPH
_b10
_c20130110
_lUCH01
_h1409
590 _aBATCH-UPD
_b10
_c20130110
_lUCH01
_h0536
590 _aBATCH-UPD
_b10
_c20130110
_lUCH01
_h2259
590 _aBATCH-UPD
_b10
_c20130410
_lUCH01
_h0216
590 _aBATCH-UPD
_b10
_c20130914
_lUCH01
_h1701
590 _aCONVERSION
_b10
_c20130109
_lUCH01
_h1338
590 _aE11695DGD
_b10
_c20150130
_lUCH01
_h1510
650 1 4 _aSuelos de ando.
_9110542
650 1 4 _aSuelos y cultivos.
_9110571
650 1 4 _aSuelos
_xMichoacán.
_9110433
901 _aBK
942 _cTESIS
942 _n0
949 _bBC
_cTES
_d-33196
_eTS1
_h20361
_i80294
_si
949 _bBC
_cTES
_d-98517
_eTS2
_fc.2
_h20362
_i80294
_si
999 _c69769
_d69769